000 00708nam a2200205Ia 4500
005 20251020182600.0
008 200515s9999 xx 000 0 und d
082 _aSC/331.823:614.876/O36
110 _aOIT
245 0 _aProtección de los trabajadores
260 _aGinebra
260 _c1987
300 _a78
520 _aDestinada principalmente a autoridades y servicios oficiales, empleadores y trabajadores interesados, organismos especializados en protección radiológica, empresas y comités de seguridad e higiene, así como todos los que deban elaborar prescripciones al r
650 _aLIB
650 _aPUB OIT
650 _aRADIACION
650 _aSEGURIDAD E HIGIENE
942 _cLIB
999 _c3016
_d3016